Online
Catalog

desarrollo rural : (Record no. 22957)

MARC details
000 -CABECERA
campo de control de longitud fija 00613nam a2200181 a 4500
001 - NÚMERO DE CONTROL
campo de control 000023461
005 - FECHA Y HORA DE LA ÚLTIMA TRANSACCIÓN
campo de control 20200930022233.0
008 - DATOS DE LONGITUD FIJA--INFORMACIÓN GENERAL
campo de control de longitud fija 101208s1976 mx d r 000 0 spa d
040 ## - FUENTE DE LA CATALOGACIÓN
Centro catalogador/agencia de origen DO-SdBNP
Lengua de catalogación spa
Centro/agencia transcriptor BNPHU
082 ## - NÚMERO DE LA CLASIFICACIÓN DECIMAL DEWEY
Número de clasificación xxxx
Número de documento/Ítem K766d
049 ## - FONDOS LOCALES (OCLC)
Fondos de biblioteca BNGR
100 1# - ENTRADA PRINCIPAL--NOMBRE DE PERSONA
Nombre de persona Kocher, James E.
9 (RLIN) 48347
245 10 - MENCIÓN DE TÍTULO
Título desarrollo rural :
Resto del título distribución del ingreso y disminución de fecundidad /
Mención de responsabilidad, etc. James E. Kocher ; traducción Manuel Arbolí.
260 ## - PUBLICACIÓN, DISTRIBUCIÓN, ETC.
Lugar de publicación, distribución, etc. México, D. F. :
Nombre del editor, distribuidor, etc. Limusa,
Fecha de publicación, distribución, etc. 1976.
300 ## - DESCRIPCIÓN FÍSICA
Extensión 131 p. :
Otras características físicas diag. ;
Dimensiones 23 cm.
500 ## - NOTA GENERAL
Nota general Incluye bibliografía p. [119-131].
700 1# - PUNTO DE ACCESO ADICIONAL--NOMBRE DE PERSONA
Nombre de persona Arbolí, Manuel,
Término indicativo de función/relación tr.
9 (RLIN) 48348
Holdings
Estado de retiro Estado de pérdida Restricciones de uso No para préstamo Código de colección Localización permanente Ubicación/localización actual Ubicación en estantería Fecha de adquisición Número de inventario Total de préstamos Signatura topográfica completa Código de barras Fecha visto por última vez Precio válido a partir de Tipo de ítem Koha
        Monografías: Libros y Folletos General General En catalogación 08.12.2010 LF1   xxxx K766d 23461-10 25.06.2020 25.06.2020 Préstamo en sala

Powered by Koha